Responses for Show #7006 - Monday, February 16, 2015

Contestants

[<< previous game]

Susan MacKay Smith, a writer from Boulder, Colorado

Andy Axel, a graduate student in poetry from Iowa City, Iowa

Karen Ash, a business analyst from Brooklyn, New York (whose 2-day cash winnings total $49,600)

[next game >>]

Jeopardy! Round responses

MR. CATEGORY
DOUBLE-LETTER SCIENCE
THIS & THAT
HIT MEN
OH, TOO SOON?!
NICE "SHOE"S
    $200 6
Mr. Hyde

Susan
    $200 21
matter

Andy
    $200 11
pastas

Karen
    $200 1
Ricky Martin

Karen
    $200 16
Cleopatra

Andy
    $200 26
a gumshoe

Karen
    $400 7
Mr. Bubble

Karen
    $3,000 22
the gizzard

Andy
    $400 12
the House of Commons

Susan
    $400 2
Justin Timberlake

Karen
    $400 17
Hawaii

Susan
    $400 27
snowshoes

Susan
    $600 8
Oliver Twist

Susan
    $600 23
a propellant

Karen
    $600 13
the Pre-Raphaelites

Susan
    $600 3
Paul Simon

Andy
    $600 18
an elephant

Triple Stumper
    $600 28
goody-two-shoes

Susan
    $800 9
Mr. Boston

Andy
    $800 24
(Susan: What is oxidation?)

corrosion

Susan
Triple Stumper
    $800 14
stroke

Susan
    $800 4
Brad Paisley

Triple Stumper
    $800 19
Pocahontas

Andy
    $800 29
a horseshoe crab

Karen
    $1000 10
Mr. Blackwell

Karen
    $1000 25
attitude

Triple Stumper
    $1000 15
Assassins

Karen
    $1000 5
Bob Seger

Andy
    $1000 20
Ponce de León

Andy
    $1000 30
a white-shoe firm

Karen

Scores at the first commercial break (after clue 15):

Karen Andy Susan
$3,200 $2,400 $2,600

Scores at the end of the Jeopardy! Round:

Karen Andy Susan
$5,800 $7,600 $3,200

Double Jeopardy! Round responses

STATE CAPITOLS
BRAM STOKER AWARD WINNERS
AVIATION
DROPPING AN "ESS" BOMB
SHORT-LIVED TV SHOWS
NICE SHOES!
    $400 6
Tiffany's

Susan
    $400 1
"Silence of the Lambs"

Susan
    $400 21
(Susan: What is Philadelphia?)

Boston

AndySusan
    $400 8
stress

Susan
    $400 11
Will Ferrell

Karen
    $400 26
Sarah Jessica Parker

Andy
    $800 7
(Karen: What is Jackson?)
(Susan: What is Richmond?)

Montgomery

KarenSusan
Triple Stumper
    $800 2
Anne Rice

Andy
    $800 22
(Karen: What is an aircraft carrier?)

a dirigible (or zeppelin)

KarenSusan
    $800 9
(Susan: What is mess?)
...
(Alex: [*]. "2-word term". Sorry, Susan.)

a mess hall

AndySusan
    $800 12
Matthew Perry

Karen
    $800 27
Salvatore Ferragamo

Triple Stumper
    $1200 18
James K. Polk

Andy
    $1200 3
"Witch"

Andy
    $1200 23
(Karen: What is the B-52?)
...
(Alex: The B-52 was a bomber; this is the Mustang, [*] fighter plane. Susan, you knew that.)

the P-51

Karen
Triple Stumper
    $1200 10
a vessel

Karen
    $1200 13
"Twin Peaks"

Susan
    $1200 28
(Susan: What are Mephistopheles?)
[The end-of-round signal sounds.]

Mephisto

Susan
Triple Stumper
    $1600 19
Thomas Hart Benton

Susan
    $3,000 4
(Andy: [No response])

Joss Whedon

Andy
    $2,000 24
(Alex: [*], yes. That's where the Wright Brothers held their shop. Less than a minute to go now.)

Dayton

Susan
    $1600 16
baseless

Karen
    $1600 14
Claire Danes

Karen
    $2000 20
(Susan: What is Cheyenne, Wyoming?)

Oklahoma City

Susan
Triple Stumper
    $2000 5
Joyce Carol Oates

Triple Stumper
    $2000 25
Northrop

Andy
    $2000 17
(Alex: Pope Benedict XVI means [*].)

"blessed"

Triple Stumper
    $2000 15
Amy Adams

Karen

Scores at the end of the Double Jeopardy! Round:

Karen Andy Susan
$10,600 $11,400 $4,800

[wagering suggestions for these scores]

Final Jeopardy! Round responses

MYTHOLOGY
SusanWho is Hecuba?
$4,800
KarenWHO IS CIRCE?
$10,600
AndyWHO IS HECATE?
$9,801
Medea

Final scores:

Karen Andy Susan
$0 $1,599 $0
2nd place: $2,000 New champion: $1,599 3rd place: $1,000

Game dynamics:

Coryat scores:

Karen Andy Susan
$10,600 $11,800 $4,400
16 R,
3 W
15 R
(including 1 DD),
1 W
(including 1 DD)
15 R
(including 1 DD),
6 W

Combined Coryat: $26,800

[game clues] [game scores] [suggest correction]

Game tape date: Unknown
The J! Archive is created by fans, for fans. Scraping, republication, monetization, and malicious use prohibited; this site may use cookies and collect identifying information. See terms. The Jeopardy! game show and all elements thereof, including but not limited to copyright and trademark thereto, are the property of Jeopardy Productions, Inc. and are protected under law. This website is not affiliated with, sponsored by, or operated by Jeopardy Productions, Inc. Join the discussion at JBoard.tv.